Le perversioni sessuali /

Сохранить в:
Библиографические подробности
Главный автор: Casale, Flavio (Автор)
Формат:
Язык:итальянский
Опубликовано: Milano : Rialta, 1967
Серии:I quaderni della salute ; 7
Предметы:
Метки: Добавить метку
Нет меток, Требуется 1-ая метка записи!

MARC

LEADER 00000nam a22000007i 4500
001 IT\ICCU\BVE\0297755
003 ItRI
005 20260115232250.0
008 030415s1967 it |||||| ||||| |||||c
040 |b ita  |c importazione bologna sebina 
041 7 |a ita  |2 ISO-639-2 
100 1 |a Casale, Flavio  |0 IT\ICCU\RAVV\061935  |4 aut 
245 1 3 |a Le perversioni sessuali /  |c Flavio Casale. 
260 |a Milano :  |b Rialta,  |c 1967 
300 |a 190 p. ;  |c 20 cm. 
650 7 |a Pervertimenti sessuali  |2 scbi 
830 2 |a I quaderni della salute ;  |v 7  |0 IT\ICCU\SBL\0074404 
942 |2 ddc  |c BK  |n 0 
952 |0 0  |1 0  |4 0  |6 DOC_616_858000000000000_CAS  |7 0  |9 23254  |a BO  |b BO  |d 2026-01-15  |i 722  |l 0  |o DOC 616.858 CAS  |p BO722  |r 2026-01-15 23:22:50  |w 2026-01-15  |x [Sebina 5] [1 v.]  |y BK  |z 1 v. 
999 |c 19829  |d 19829